Music Quiz

Random Music or Song Quiz
Score 0/69 Timer 11:00
6 Plays Today
% Correct
United Kingdom
95.6%
Freddie Mercury
88.9%
real
88.6%
fantasy
88.2%
David Bowie
86.9%
escape
86.6%
landslide
83.6%
look
83.3%
see
83.4%
eyes
82.1%
open
81.5%
good
80.1%
Bohemian Rhapsody
78.8%
roses
74.3%
Brian May
72.6%
Royce
64.7%
Queen
64%
Wayne's World
62.5%
mind
62.4%
We are the Champions
62.2%
Killer Queen
62.2%
blow
62.1%
Don't Stop Me Now
59%
lose
58.5%
A Night at the Opera
57.8%
world
57.1%
pleasure
55.4%
Tonight
54.8%
cruise
53.8%
Roger Taylor
53.4%
Flash Gordon
53.1%
out
52.6%
inside
52.4%
alive
52.1%
laser
51.8%
% Correct
beam
51.7%
consider
51.3%
race
50.7%
human
50.3%
ecstasy
49.5%
John Deacon
49.5%
Another One Bites the Dust
49.5%
dynamite
49.2%
Queen II
48.7%
Bicycle Race
47.8%
heat
47.4%
happy
46.1%
beat
45.2%
sound
45.1%
long
44.7%
A Day at the Races
44.5%
bullets
43.7%
God
41.9%
Superman
41.5%
Peter
39.1%
Pan
39%
before
38.9%
News of the World
35.7%
Innuendo
35%
Jazz
34.6%
Sheer Heart Attack
34.6%
Frankenstein
34.4%
The Game
31.5%
A Kind of Magic
31.2%
The Miracle
29%
Hot Space
28.8%
The Works
28%
Made in Heaven
27.9%
Lord
23.7%
Remove Ads.
Support Sporcle.
Get the best of Sporcle when you Go Orange. This ad-free experience offers more features, more stats, and more fun while also helping to support Sporcle. Thank you for becoming a member.

You're not logged in!

Compare scores with friends on all Sporcle quizzes.
OR
Log In

Show Comments

Extras

Top Quizzes Today


Score Distribution

Your Account Isn't Verified!

In order to create a playlist on Sporcle, you need to verify the email address you used during registration. Go to your Sporcle Settings to finish the process.

Report this User

Report this user for behavior that violates our Community Guidelines.

Details: